| 000 | 00737nam0a22002411 4500 | ||
|---|---|---|---|
| 001 | RU\NLR\INFOCOMM_190\5000072341 | ||
| 005 | 20250613100338.0 | ||
| 035 | _a(NLR Aleph) 009337598 | ||
| 090 |
_a9492364 _c9492364 |
||
| 100 | _a20101022d1985 |||y0rusy50 ca | ||
| 101 | 0 | _agla | |
| 102 | _aRU | ||
| 105 | _aa ||||000|y | ||
| 200 | 1 |
_aFinist, Seabhac Seilge na Súile Gile _eScéal béaloideasa Rúiseach _f[Insint Ghaeilge le Séamus Ruiseal _gLéaráidí le Stanislav Kovalyov] |
|
| 210 |
_aM. _cMalysh _d[1985] |
||
| 215 |
_a[24] с. _cцв. ил. _d27 см |
||
| 300 | _aГэл. яз. | ||
| 686 |
_aДл342 _2rubbk |
||
| 801 | 1 |
_aRU _bNLR _c20101022 |
|
| 801 | 0 |
_aRU _bNLR _gPSBO |
|
| 852 |
_aNLR _jДл01 Д-8/1564 |
||
| 942 | _cBOOK | ||
| 980 | _aNB | ||